Responses for Show #5569 - Thursday, November 20, 2008

2008-B Teen Tournament final game 1.

Contestants

[<< previous game]

Audrey Hosford, a junior from Annapolis, Maryland

Bradley Silverman, a junior from Alpharetta, Georgia

Anurag Kashyap, a senior from Poway, California

[next game >>]

Jeopardy! Round responses

TIME TO HIT THE BOOKS
CELEBRITY SCENTS
GOOD WORKS
TAKE THE LEAD
ANTARCTICA
HEY "U"!
    $200 6
Lemony Snicket

Bradley
    $200 11
Paris Hilton

Anurag
    $200 22
the Red Cross

Bradley
    $200 13
Cuba

Bradley
    $200 12
a volcano

Bradley
    $200 1
underhand

Bradley
    $400 7
Long John Silver

Anurag
    $400 27
(Britney) Spears

Anurag
    $400 23
Habitat for Humanity

Bradley
    $400 14
Pakistan

Anurag
    $400 15
-129

Bradley
    $400 2
Uranus

Anurag
    $600 8
Faulkner

Anurag
    $600 28
Diddy

Audrey
    $2,000 24
civil liberties

Bradley
    $600 16
Greece

Anurag
    $600 17
the Indian Ocean, the Atlantic Ocean, the Pacific Ocean

Anurag
    $600 3
Uncles

Anurag
    $800 9
A Tale of Two Cities

Bradley
    $800 29
Mariah Carey

Anurag
    $800 25
Something

Triple Stumper
    $800 19
Panama

Bradley
    $800 18
a desert

Audrey
    $800 4
the Union Jack

Anurag
    $1000 10
The Secret Garden

Audrey
    $1000 30
(Jennifer) Lopez

Anurag
    $1000 26
Locks

Anurag
    $1000 20
Syria

Anurag
    $1000 21
(Robert) Scott & (Roald) Amundsen

Anurag
    $1000 5
Uganda

Anurag

Scores at the first commercial break (after clue 13):

Anurag Bradley Audrey
$4,000 $1,600 $1,000

Scores at the end of the Jeopardy! Round:

Anurag Bradley Audrey
$10,800 $5,400 $2,400

Double Jeopardy! Round responses

OMG!
(Alex: Oh, my God!)
FAR-OUT CINEMA
TIME FLIES
REVOLUTIONARIES
SUPERBAD
WHEEL OF JEOPARDY!
    $400 1
Shinto

Bradley
    $400 26
WALL·E

Audrey
    $400 11
standard time

Bradley
    $400 6
Paul Revere

Bradley
    $400 16
Jack the Ripper

Anurag
    $400 21
Nova Scotia

Audrey
    $800 2
Odin

Anurag
    $800 27
War of the Worlds

Anurag
    $4,000 12
(Alex: And for the benefit of the people at home who are wondering, there was a year 2000, but there was no year 0.)

11

Bradley
    $800 7
Lee

Bradley
    $800 17
Ivan the Terrible

Audrey
    $800 22
vocabulary

Anurag
    $1200 3
Athena

Anurag
    $1200 28
Space Chimps

Triple Stumper
    $1200 13
the speed of light

Anurag
    $1200 8
(Thomas) Paine

Anurag
    $1200 18
Oswald

Anurag
    $1200 23
a piggy bank

Anurag
    $1600 4
embalming

Bradley
    $1600 29
Stitch

Bradley
    $1600 14
3 PM

Anurag
    $2,000 9
(Patrick) Henry

Anurag
    $1600 19
Lindbergh

Audrey
    $1600 24
fraternal twins

Anurag
    $2000 5
Saturn

Anurag
    $2000 30
Signs

Audrey
    $2000 15
a solar day

Triple Stumper
    $2000 10
Benjamin Franklin

Bradley
    $2000 20
Blackbeard (Edward Teach)

Anurag
    $2000 25
Botswana

Anurag

Scores at the end of the Double Jeopardy! Round:

Anurag Bradley Audrey
$30,800 $16,600 $7,600

Final Jeopardy! Round responses

STATE CAPITALS
AudreyWhat is Des Moines
$7,600
BradleyWhat is Des Moines
$10,000
AnuragWhat is Des Moines?
$4,200
Des Moines

Final scores:

Anurag Bradley Audrey
$35,000 $26,600 $15,200

Game dynamics:

Coryat scores:

Anurag Bradley Audrey
$30,400 $12,000 $7,600
31 R
(including 1 DD),
0 W
18 R
(including 2 DDs),
0 W
8 R,
0 W

Combined Coryat: $50,000

[game clues] [game scores] [suggest correction]

Game tape date: 2008-10-07
The J! Archive is created by fans, for fans. Scraping, republication, monetization, and malicious use prohibited; this site may use cookies and collect identifying information. See terms. The Jeopardy! game show and all elements thereof, including but not limited to copyright and trademark thereto, are the property of Jeopardy Productions, Inc. and are protected under law. This website is not affiliated with, sponsored by, or operated by Jeopardy Productions, Inc. Join the discussion at JBoard.tv.